01373 2200205 4500001002100000005001500021035002000036008004100056245002800097100001800125250000600143260003800149300001200187084001400199082000800213650001000221520091200231990001201143990001201155INLIS00000000000090020240604074500 a0010-0524000135240604 1 ind 1 aLampion /cHusen Arifin aArifin, Husen a1 aYogyakarta :bSheila/ Andi,c2014 a200 hlm a813 HUS l a813 4aFiksi aAhmad Makki Hasan, Dosen Fakultas Humaniora dan Budaya UIN MALIKI Malang Lampion berarti merah, semangat, cinta, dan harapan. Sebuah cerita bertema realita yang menangguhkan hati, tentang bagaimana menyikapi perbedaan dalam sebuah kisah romansa yang manis dan segar. Bahkan di sini kita juga bisa memahami bahwa kesetiaan tak pernah mengkhianati dan begitu pula dengan pengorbanan. Emosi dalam LAMPION akan semakin terasa jika kita membacanya ditemani lantunan melodi hujan sambil menyesap secangkir cokelat hangat. Evelyne Ivoryanto, Mahasiswi Fakultas Kedokteran Universitas Brawijaya, Malang Cerita yang dikemas dengan bahasa yang anggun dan indah, membaca kumpulan cerita ini membangkitkan rasa cintaku pada karya yang menghanyutkan pembacanya. Kalau jadi teater atau film pasti seru, mengangkat perbedaan dengan halus dan terbuka. Luh Santika Dewi, Mahasiswi Universitas Mahasaraswati Denpasar, Bali a0741400 a0741401